000 00589nam a2200205Ia 4500
005 20250508165518.0
008 008 250505s9999 xx 000 0 hin d
020 _a81-250-2522-7
037 _aDissertations
040 _aFEDL
_beng
_cFEDL
041 _ahin
_2eng
084 _a707, PAN/DI
_qFEDL
100 _aPanchal Anju
_9781057
245 0 _aPrathmik ster per kahani- lekhan mein kala ki bhumika ka adhyayan
260 _c2015
300 _a100p.
546 _aM.Ed. Dissertation, (Delhi University)
942 _cDIS
_h707, PAN/DI
999 _c1395576
_d1395576